000 00702nam a2200205 i 4500
001 161248
003 ES-MaACL
005 20230906212231.0
008 990104s1877 po |||| | por d
040 _aCCPB | B
_bspa
_cCCPB | B
100 1 _aManso, Paiva
_cVisconde de (
_d1831-1875)
_9155224
245 1 0 _aHistoria do Congo
_b: (documentos) /
_cobra posthuma do Visconde de Paiva Manso.
260 _aLisboa :
_bAcademia Real das Sciencias,
_c1877.
300 _a[2] h., 369 p. ;
_c24 cm.
597 _aAntep.
651 4 _aCongo-
_xHistoria-
_vFuentes.
_9137100
651 4 _aAngola-
_xHistoria.
_9155225
752 _aPortugal -
_dLisboa
852 _aES-MaACL
_jG-8701
_z-- Enc. pasta espaƱola
999 _c161248
_d161248